Southville International School and Colleges
Your cart is empty.
  • Cart
  • Lists
    Public lists list_1 View all
    Your lists Log in to create your own lists
  • Log in to your account
  • Your cookies
  • Search history
Southville International School and Colleges
  • Advanced search
  • Recent comments
  • Most popular
  • Libraries

Log in to your account

Log in with GOOGLE


If you do not have an external account, but do have a local account, you can still log in:

  1. Home
  2. MARC view: Numbers /
Normal view MARC view ISBD view

Numbers / (Record no. 115377)

[ view plain ]
MARC details
000 -LEADER
fixed length control field 00702nam a2200205 a 4500
001 - CONTROL NUMBER
control field 0720
005 - DATE AND TIME OF LATEST TRANSACTION
control field 20140414132143.0
008 - FIXED-LENGTH DATA ELEMENTS--GENERAL INFORMATION
fixed length control field 040927s19uu xx 00 eng d
020 ## - INTERNATIONAL STANDARD BOOK NUMBER
International Standard Book Number 0-978-0-439-04599-1
050 ## - LIBRARY OF CONGRESS CALL NUMBER
Classification number KIT (LCER) 513
Item number C16 1999
100 ## - MAIN ENTRY--PERSONAL NAME
Personal name Canizares, Susan
245 ## - TITLE STATEMENT
Title Numbers /
Statement of responsibility, etc Susan Canizares, Daniel Moreton.
260 ## - PUBLICATION, DISTRIBUTION, ETC. (IMPRINT)
Place of publication, distribution, etc New York :
Name of publisher, distributor, etc Scholastic,
Date of publication, distribution, etc 1999.
300 ## - PHYSICAL DESCRIPTION
Extent 1 v. (unp.) : ill. ; cm.
440 ## - SERIES STATEMENT/ADDED ENTRY--TITLE
Title Learning center emergent readers
520 ## - SUMMARY, ETC.
Summary, etc Simple text and photographs explore some of the ways we use numbers, from wieghts and measures to prices to telling time.
650 ## - SUBJECT ADDED ENTRY--TOPICAL TERM
Topical term or geographic name as entry element Number concept
General subdivision Juvenile literature.
Holdings
Withdrawn status Lost status Damaged status Use restrictions Home library Current library Shelving location Date acquired Source of acquisition Total Checkouts Full call number Barcode Date last seen Price effective from Koha item type
        Munich Library Munich Library KIT Section 09/27/2004     KIT (LCER) 513 C16 1999 MU1931 04/14/2014 04/14/2014 Kits
        Munich Library Munich Library KIT Section 09/27/2004     KIT (LCER) 513 C16 1999 MU1932 04/14/2014 04/14/2014 Kits

Numbers /

APA

Canizares S., . (1999). Numbers. New York: Scholastic.

Chicago

Canizares Susan, . 1999. Numbers. New York: Scholastic.

Harvard

Canizares S., . (1999). Numbers. New York: Scholastic.

MLA

Canizares Susan, . Numbers. New York: Scholastic. 1999.

  • Place hold
  • Print
  • Cite
  • Add to your cart (remove)
  • Save record
    BIBTEX Dublin Core MARCXML MARC (non-Unicode/MARC-8) MARC (Unicode/UTF-8) MARC (Unicode/UTF-8, Standard) MODS (XML) RIS
  • More searches
    Search for this title in:
    Other Libraries (WorldCat) Other Databases (Google Scholar) Online Stores (Bookfinder.com) Open Library (openlibrary.org)

Exporting to Dublin Core...

SOUTHVILLE LIBRARY

Southville International School and Colleges Library

1281 Tropical Ave. Cor. Luxembourg St., BF Homes International, Las Pinas City

Tel. No. 8256374 / 252358 Loc. 117/146

Powered by Koha